| 000 | 00906nam a22001817a 4500 | ||
|---|---|---|---|
| 999 |
_c59728 _d59728 |
||
| 003 | Ge_BSU | ||
| 005 | 20230407114240.0 | ||
| 008 | 230407s2011 ge ||||| |||| 00| 0 geo d | ||
| 020 | _a9789941173059 | ||
| 041 | _ageo | ||
| 080 | _a94(479.22)+ 32(479.22)(09)+ 316.42/43(479.22) ჯ-18 | ||
| 245 |
_aსაქართველოს სოციალურ-პოლიტიკური ვითარება XVII საუკუნის პირველ ნახევარში : _b[მონოგრაფია] / _cგივი ჯამბურია. |
||
| 264 |
_aთბილისი : _b უნივერსალი, _c2011. |
||
| 300 |
_a314გვ. ; _b20სმ. |
||
| 504 | _aბიბლიოგრ. ტექსტ. შენიშვნ. | ||
| 653 | _aსაქართველოს ახალი ისტორია -17 საუკუნე | ||
| 942 |
_2udc _cBK |
||